[Event "Kupreichik Memorial Open 2018"]
[Site "Minsk"]
[Date "2018.06.21"]
[Round "1"]
[White "Korniichuk, Oleksandra"]
[Black "Tihonov, Jurij"]
[Result "1/2-1/2"]
[WhiteElo "1740"]
[BlackElo "2385"]
[Annotator "NA"]
[PlyCount "185"]
[EventDate "2018.06.21"]
[EventCountry "BLR"]
[SourceTitle "playchess.com"]
[Source "ChessBase"]
[SourceQuality "1"]
[TimeControl "900+10"]

1. e4 {[%emt 0:00:00]} c5 {[%emt 0:00:06]} 2. Nf3 {[%emt 0:00:00]} d6 {[%emt 0:00:02]} 3. d4 {[%emt 0:00:05]} cxd4 {[%emt 0:00:02]} 4. Nxd4 {[%emt 0:00:05]} Nf6 {[%emt 0:00:03]} 5. Nc3 {[%emt 0:00:08]} a6 {[%emt 0:00:02]} 6. Be3 {[%emt 0:00:13]} e5 {[%emt 0:00:03]} 7. Nb3 {[%emt 0:00:18]} Be7 {[%emt 0:00:04]} 8. Be2 {[%emt 0:00:20]} O-O {[%emt 0:00:05]} 9. O-O {[%emt 0:00:11]} Be6 {[%emt 0:00:01]} 10. f3 {[%emt 0:00:47]} Qc7 {[%emt 0:00:12]} 11. Nd5 {[%emt 0:00:26]} Bxd5 {[%emt 0:00:04]} 12. exd5 {[%emt 0:00:08]} Nbd7 {[%emt 0:00:02]} 13. c4 {[%emt 0:00:43]} Rfe8 {[%emt 0:00:02]} 14. Qd3 {[%emt 0:00:45]} a5 {[%emt 0:00:02]} 15. Rfd1 {[%emt 0:00:36]} b6 {[%emt 0:00:07]} 16. Rac1 {[%emt 0:00:44]} Bf8 {[%emt 0:00:04]} 17. Nd2 {[%emt 0:00:54]} g6 {[%emt 0:00:06]} 18. Ne4 {[%emt 0:00:07]} Bg7 {[%emt 0:00:04]} 19. Qd2 {[%emt 0:01:19]} Nh5 {[%emt 0:00:07]} 20. Bh6 {[%emt 0:00:46]} Nc5 {[%emt 0:00:11]} 21. Bxg7 {[%emt 0:01:00]} Kxg7 {[%emt 0:00:02]} 22. Qe3 {[%emt 0:00:26]} f5 {[%emt 0:00:02]} 23. Nxc5 {[%emt 0:00:02]} bxc5 {[%emt 0:00:02]} 24. b3 {[%emt 0:00:15]} Nf6 {[%emt 0:00:08]} 25. Qc3 {[%emt 0:00:19]} h5 {[%emt 0:00:18]} 26. Rf1 {[%emt 0:00:35]} h4 {[%emt 0:00:02]} 27. Bd3 {[%emt 0:01:01]} h3 {[%emt 0:00:10]} 28. g3 {[%emt 0:00:40]} Kf7 {[%emt 0:00:11]} 29. Rce1 {[%emt 0:01:00]} Re7 {[%emt 0:00:03]} 30. Qd2 {[%emt 0:00:19]} Kg7 {[%emt 0:00:03]} 31. Qg5 {[%emt 0:00:18]} Nh7 {[%emt 0:00:13]} 32. Qh4 {[%emt 0:00:31]} a4 {[%emt 0:00:01]} 33. Qxh3 {[%emt 0:00:43]} Rf7 {[%emt 0:00:02]} 34. Qg2 {[%emt 0:00:36]} Qb6 {[%emt 0:00:08]} 35. bxa4 {[%emt 0:00:18]} Rxa4 {[%emt 0:00:02]} 36. g4 {[%emt 0:00:11]} f4 {[%emt 0:00:20]} 37. h4 {[%emt 0:00:11]} Qa5 38. Re2 {[%emt 0:00:34]} Nf6 {[%emt 0:00:09]} 39. h5 {[%emt 0:00:12]} g5 {[%emt 0:00:02]} 40. h6+ {[%emt 0:00:37]} Kh8 {[%emt 0:00:02]} 41. Rb2 {[%emt 0:00:28]} Rb4 {[%emt 0:00:02]} 42. Rfb1 {[%emt 0:00:03]} Rfb7 {[%emt 0:00:01]} 43. Qc2 {[%emt 0:00:21]} Qa3 {[%emt 0:00:04]} 44. Rb3 {[%emt 0:00:09]} Rxb3 {[%emt 0:00:03]} 45. Rxb3 {[%emt 0:00:03]} Rxb3 {[%emt 0:00:02]} 46. axb3 {[%emt 0:00:07]} Qa1+ {[%emt 0:00:10]} 47. Kg2 {[%emt 0:00:06]} Qe1 {[%emt 0:00:06]} 48. Qf2 {[%emt 0:00:33]} Qc3 {[%emt 0:00:14]} 49. Qc2 {[%emt 0:00:03]} Qd4 {[%emt 0:00:08]} 50. Bf5 {[%emt 0:00:10]} Qa1 {[%emt 0:00:10]} 51. Qb1 {[%emt 0:00:04]} Qa5 {[%emt 0:00:43]} 52. Qc2 {[%emt 0:00:04]} Qe1 {[%emt 0:00:21]} 53. Qf2 {[%emt 0:00:08]} Qa1 {[%emt 0:00:05]} 54. Qc2 {[%emt 0:00:02]} Qa3 {[%emt 0:00:23]} 55. Qb1 {[%emt 0:00:04]} Ng8 {[%emt 0:00:10]} 56. h7 {[%emt 0:00:22]} Nf6 {[%emt 0:00:02]} 57. Qc2 {[%emt 0:00:04]} Kg7 {[%emt 0:00:06]} 58. Kf2 {[%emt 0:00:17]} Qa1 {[%emt 0:00:06]} 59. Kg2 {[%emt 0:00:02]} Ne8 {[%emt 0:00:25]} 60. Bd3 {[%emt 0:00:26]} Nf6 {[%emt 0:00:02]} 61. Bf5 {[%emt 0:00:01]} Qa8 {[%emt 0:00:03]} 62. Qb1 {[%emt 0:00:08]} Qa5 {[%emt 0:00:08]} 63. Qc2 {[%emt 0:00:13]} Kh8 {[%emt 0:00:04]} 64. Kf2 {[%emt 0:00:45]} Qa7 {[%emt 0:00:02]} 65. Kg2 {[%emt 0:00:07]} Qa5 {[%emt 0:00:24]} 66. Kf2 {[%emt 0:00:08]} Kg7 {[%emt 0:00:02]} 67. Kg2 {[%emt 0:00:07]} Qe1 {[%emt 0:00:01]} 68. Qf2 {[%emt 0:00:04]} Qa1 {[%emt 0:00:24]} 69. Qc2 {[%emt 0:00:06]} Qa3 {[%emt 0:00:23]} 70. Qb1 {[%emt 0:00:03]} Qa5 {[%emt 0:00:05]} 71. Qc2 {[%emt 0:00:02]} Qa1 {[%emt 0:00:01]} 72. Bd3 {[%emt 0:00:14]} Qe1 {[%emt 0:00:49]} 73. Qf2 {[%emt 0:00:03]} Qc3 {[%emt 0:00:10]} 74. Qc2 {[%emt 0:00:03]} Qd4 {[%emt 0:00:04]} 75. Bf5 {[%emt 0:00:05]} Qa1 {[%emt 0:00:31]} 76. Bd3 {[%emt 0:00:03]} Qe1 {[%emt 0:00:18]} 77. Qf2 {[%emt 0:00:02]} Qa1 {[%emt 0:00:31]} 78. Qc2 {[%emt 0:00:04]} e4 {[%emt 0:00:03]} 79. Bxe4 {[%emt 0:00:31]} Nd7 {[%emt 0:00:01]} 80. Bd3 {[%emt 0:00:34]} Ne5 {[%emt 0:00:05]} 81. Be2 {[%emt 0:00:03]} Qe1 {[%emt 0:00:03]} 82. Bd1 {[%emt 0:00:38]} Qg3+ {[%emt 0:00:05]} 83. Kf1 {[%emt 0:00:13]} Qh3+ {[%emt 0:00:18]} 84. Qg2 {[%emt 0:00:40]} Qxg2+ {[%emt 0:00:05]} 85. Kxg2 {[%emt 0:00:03]} Kxh7 {[%emt 0:00:03]} 86. Bc2+ {[%emt 0:00:04]} Kg7 {[%emt 0:00:01]} 87. Kf2 {[%emt 0:00:06]} Kf6 {[%emt 0:00:01]} 88. Be4 {[%emt 0:00:08]} Nd7 {[%emt 0:00:03]} 89. Ke2 {[%emt 0:00:10]} Ke5 {[%emt 0:00:00]} 90. Kd3 {[%emt 0:00:05]} Nb8 {[%emt 0:00:03]} 91. Kc3 {[%emt 0:00:04]} Na6 {[%emt 0:00:04]} 92. Bf5 {[%emt 0:00:13]} Nb4 {[%emt 0:00:06]} 93. Bb1 {[%emt 0:00:02]} 1/2-1/2

[Event "Kupreichik Memorial Open 2018"]
[Site "Minsk"]
[Date "2018.06.21"]
[Round "1"]
[White "Zagorskii, Artem"]
[Black "Zarubitski, Viachaslau"]
[Result "0-1"]
[WhiteElo "1705"]
[BlackElo "2265"]
[Annotator "NA"]
[PlyCount "60"]
[EventDate "2018.06.21"]
[EventCountry "BLR"]
[SourceTitle "playchess.com"]
[Source "ChessBase"]
[SourceQuality "1"]
[TimeControl "900+10"]

1. e4 {[%emt 0:00:00]} c5 {[%emt 0:00:01]} 2. Nf3 {[%emt 0:00:00]} e6 {[%emt 0:00:01]} 3. g3 {[%emt 0:00:02]} Nc6 {[%emt 0:00:03]} 4. Bg2 {[%emt 0:00:01]} Nf6 {[%emt 0:00:04]} 5. Nc3 {[%emt 0:00:04]} a6 {[%emt 0:01:06]} 6. a4 {[%emt 0:00:47]} Qc7 {[%emt 0:00:07]} 7. O-O {[%emt 0:00:39]} Be7 {[%emt 0:00:02]} 8. d4 {[%emt 0:01:04]} cxd4 {[%emt 0:00:06]} 9. Nxd4 {[%emt 0:00:02]} h5 {[%emt 0:00:02]} 10. Nb3 {[%emt 0:04:49]} h4 {[%emt 0:00:11]} 11. a5 {[%emt 0:00:12]} d6 {[%emt 0:01:32]} 12. Be3 {[%emt 0:00:26]} Ne5 {[%emt 0:00:04]} 13. Bb6 {[%emt 0:00:15]} Qb8 {[%emt 0:00:11]} 14. Qe2 {[%emt 0:00:52]} hxg3 {[%emt 0:00:29]} 15. hxg3 {[%emt 0:00:10]} Bd7 {[%emt 0:00:32]} 16. Rad1 {[%emt 0:02:13]} Qc8 {[%emt 0:01:19]} 17. Rd4 {[%emt 0:00:42]} g5 {[%emt 0:00:21]} 18. Rc1 {[%emt 0:03:23]} g4 {[%emt 0:00:08]} 19. Nd2 {[%emt 0:00:07]} Bc6 {[%emt 0:00:12]} 20. Nc4 Nxc4 {[%emt 0:00:09]} 21. Rxc4 {[%emt 0:01:05]} Nd7 {[%emt 0:00:03]} 22. Bd4 {[%emt 0:01:23]} Rg8 {[%emt 0:01:03]} 23. Rd1 {[%emt 0:00:12]} Qc7 {[%emt 0:00:52]} 24. b4 {[%emt 0:00:09]} b5 {[%emt 0:00:12]} 25. axb6 {[%emt 0:00:06]} Nxb6 {[%emt 0:00:01]} 26. Bxb6 {[%emt 0:00:13]} Qxb6 {[%emt 0:00:01]} 27. Rcd4 {[%emt 0:00:18]} a5 {[%emt 0:01:12]} 28. bxa5 {[%emt 0:00:06]} Rxa5 {[%emt 0:00:02]} 29. Rb1 {[%emt 0:00:05]} Qxd4 {[%emt 0:00:06]} 30. Rb8+ {[%emt 0:00:03]} Bd8 {[%emt 0:00:07]} 0-1

[Event "Kupreichik Memorial Open 2018"]
[Site "Minsk"]
[Date "2018.06.21"]
[Round "1"]
[White "Tsvetkova, Vladislava"]
[Black "Tsigelnitskiy, Ilusha"]
[Result "0-1"]
[WhiteElo "1697"]
[BlackElo "2253"]
[Annotator "NA"]
[PlyCount "52"]
[EventDate "2018.06.21"]
[EventCountry "BLR"]
[SourceTitle "playchess.com"]
[Source "ChessBase"]
[SourceQuality "1"]
[TimeControl "900+10"]

1. e4 {[%emt 0:00:00]} c5 {[%emt 0:00:02]} 2. Nf3 {[%emt 0:00:00]} e6 {[%emt 0:00:03]} 3. d4 {[%emt 0:00:00]} cxd4 {[%emt 0:00:02]} 4. Nxd4 {[%emt 0:00:00]} a6 {[%emt 0:00:02]} 5. g3 {[%emt 0:00:08]} Nf6 {[%emt 0:00:23]} 6. Bg2 {[%emt 0:00:03]} d5 {[%emt 0:01:09]} 7. exd5 {[%emt 0:00:46]} Nxd5 {[%emt 0:00:14]} 8. O-O {[%emt 0:00:16]} Be7 {[%emt 0:00:10]} 9. c4 {[%emt 0:01:00]} Nf6 {[%emt 0:00:18]} 10. Be3 {[%emt 0:02:19]} O-O {[%emt 0:00:12]} 11. Nc3 {[%emt 0:00:25]} Qc7 {[%emt 0:00:50]} 12. Qe2 {[%emt 0:02:20]} Bd7 {[%emt 0:00:29]} 13. a3 {[%emt 0:04:45]} Nc6 {[%emt 0:00:08]} 14. b4 {[%emt 0:00:08]} Rac8 {[%emt 0:00:50]} 15. Rfc1 {[%emt 0:01:20]} Nxd4 {[%emt 0:01:01]} 16. Bxd4 {[%emt 0:00:15]} Qxc4 {[%emt 0:00:05]} 17. Qd2 {[%emt 0:01:49]} b5 {[%emt 0:04:03]} 18. Nd5 {[%emt 0:00:54]} Nxd5 {[%emt 0:01:16]} 19. Rxc4 {[%emt 0:00:13]} bxc4 {[%emt 0:00:55]} 20. Re1 {[%emt 0:00:22]} Rfe8 {[%emt 0:00:48]} 21. Bxd5 {[%emt 0:00:28]} exd5 {[%emt 0:00:03]} 22. Qf4 {[%emt 0:00:28]} Bf8 {[%emt 0:01:02]} 23. Re5 {[%emt 0:00:17]} c3 {[%emt 0:01:02]} 24. Rxd5 {[%emt 0:00:16]} c2 {[%emt 0:00:23]} 25. Bb2 {[%emt 0:00:15]} Re1+ {[%emt 0:00:20]} 26. Kg2 {[%emt 0:00:07]} Bc6 {[%emt 0:00:05]} 0-1

[Event "Kupreichik Memorial Open 2018"]
[Site "Minsk"]
[Date "2018.06.21"]
[Round "1"]
[White "Tarasenka, Aliaksandra"]
[Black "Sihite, Chelsie Monica Igne"]
[Result "0-1"]
[WhiteElo "1682"]
[BlackElo "2236"]
[Annotator "NA"]
[PlyCount "54"]
[EventDate "2018.06.21"]
[EventCountry "BLR"]
[SourceTitle "playchess.com"]
[Source "ChessBase"]
[SourceQuality "1"]
[TimeControl "900+10"]

1. e4 {[%emt 0:00:00]} e5 {[%emt 0:00:02]} 2. f4 {[%emt 0:00:09]} d5 {[%emt 0:00:10]} 3. exd5 {[%emt 0:00:03]} Qxd5 {[%emt 0:01:57]} 4. Nc3 {[%emt 0:01:05]} Qe6 {[%emt 0:00:16]} 5. Nf3 {[%emt 0:02:45]} Nc6 {[%emt 0:02:00]} 6. Bb5 {[%emt 0:02:11]} a6 {[%emt 0:02:56]} 7. Bxc6+ {[%emt 0:00:50]} Qxc6 {[%emt 0:00:02]} 8. fxe5 {[%emt 0:00:37]} Bg4 {[%emt 0:00:12]} 9. O-O {[%emt 0:00:55]} O-O-O {[%emt 0:00:09]} 10. Ne2 {[%emt 0:02:08]} h5 {[%emt 0:00:46]} 11. d4 {[%emt 0:00:41]} Ne7 {[%emt 0:00:46]} 12. h3 {[%emt 0:01:03]} Bf5 {[%emt 0:00:47]} 13. c3 {[%emt 0:00:17]} f6 {[%emt 0:00:07]} 14. a4 {[%emt 0:00:59]} Be4 {[%emt 0:00:07]} 15. Bf4 {[%emt 0:00:56]} Ng6 {[%emt 0:00:16]} 16. exf6 {[%emt 0:01:04]} gxf6 {[%emt 0:00:08]} 17. Rc1 {[%emt 0:00:43]} Rg8 {[%emt 0:00:03]} 18. Kh1 {[%emt 0:00:17]} Bxf3 {[%emt 0:00:20]} 19. gxf3 {[%emt 0:00:13]} Nxf4 {[%emt 0:00:03]} 20. Nxf4 {[%emt 0:00:04]} Bh6 {[%emt 0:00:02]} 21. Ng2 {[%emt 0:00:30]} Bxc1 {[%emt 0:00:04]} 22. Qxc1 {[%emt 0:00:01]} Rg3 {[%emt 0:00:12]} 23. Qf4 {[%emt 0:00:57]} Rdg8 {[%emt 0:00:04]} 24. Rf2 {[%emt 0:00:14]} Qe6 {[%emt 0:00:02]} 25. Qe4 {[%emt 0:00:16]} Qxh3+ {[%emt 0:00:07]} 26. Kg1 {[%emt 0:00:02]} Rxg2+ {[%emt 0:00:03]} 27. Kf1 {[%emt 0:00:06]} R2g4+ {[%emt 0:00:05]} 0-1

[Event "Kupreichik Memorial Open 2018"]
[Site "Minsk"]
[Date "2018.06.21"]
[Round "1"]
[White "Ivanytska, Liudmyla"]
[Black "Savolainen, Lev P"]
[Result "0-1"]
[WhiteElo "1655"]
[BlackElo "2163"]
[Annotator "NA"]
[PlyCount "138"]
[EventDate "2018.06.21"]
[EventCountry "BLR"]
[SourceTitle "playchess.com"]
[Source "ChessBase"]
[SourceQuality "1"]
[TimeControl "900+10"]

1. e4 {[%emt 0:00:00]} e6 {[%emt 0:00:02]} 2. d4 {[%emt 0:00:00]} d5 {[%emt 0:00:01]} 3. exd5 {[%emt 0:00:00]} exd5 {[%emt 0:00:02]} 4. Bd3 {[%emt 0:00:06]} Nc6 {[%emt 0:00:02]} 5. c3 {[%emt 0:00:01]} Bd6 {[%emt 0:00:01]} 6. Be3 {[%emt 0:00:03]} Nge7 {[%emt 0:00:03]} 7. Qc2 {[%emt 0:00:03]} g6 {[%emt 0:00:11]} 8. Bg5 {[%emt 0:00:02]} O-O {[%emt 0:00:10]} 9. Nf3 {[%emt 0:00:12]} Bg4 {[%emt 0:00:08]} 10. Nbd2 {[%emt 0:00:01]} Qd7 {[%emt 0:00:10]} 11. O-O {[%emt 0:00:07]} Rfe8 {[%emt 0:00:08]} 12. h3 {[%emt 0:00:02]} Bf5 {[%emt 0:00:35]} 13. Rae1 {[%emt 0:00:08]} Bxd3 {[%emt 0:00:25]} 14. Qxd3 {[%emt 0:00:02]} Nf5 {[%emt 0:00:47]} 15. Nh4 {[%emt 0:00:12]} Nce7 {[%emt 0:03:32]} 16. Ndf3 {[%emt 0:00:11]} c6 {[%emt 0:02:11]} 17. Nxf5 {[%emt 0:00:18]} Nxf5 {[%emt 0:00:06]} 18. Nh4 {[%emt 0:00:02]} Ng7 {[%emt 0:00:32]} 19. Qf3 {[%emt 0:00:23]} Re6 {[%emt 0:00:41]} 20. Rxe6 {[%emt 0:00:19]} Qxe6 {[%emt 0:00:04]} 21. Bd2 {[%emt 0:00:03]} Be7 {[%emt 0:01:01]} 22. Re1 {[%emt 0:00:36]} Qd7 {[%emt 0:00:32]} 23. g3 {[%emt 0:01:43]} Re8 {[%emt 0:01:15]} 24. Kh2 {[%emt 0:00:53]} Bxh4 {[%emt 0:01:16]} 25. Rxe8+ Qxe8 {[%emt 0:00:31]} 26. gxh4 {[%emt 0:00:04]} h5 {[%emt 0:00:15]} 27. Kg2 {[%emt 0:01:29]} Nf5 {[%emt 0:00:10]} 28. Bg5 {[%emt 0:00:04]} Kg7 {[%emt 0:00:08]} 29. Kh2 {[%emt 0:00:38]} f6 {[%emt 0:00:12]} 30. Be3 {[%emt 0:00:03]} Nxh4 {[%emt 0:00:28]} 31. Qf4 {[%emt 0:00:10]} g5 {[%emt 0:00:15]} 32. Qc7+ {[%emt 0:00:09]} Qf7 {[%emt 0:00:02]} 33. Qb8 {[%emt 0:00:07]} a6 {[%emt 0:00:03]} 34. Qc8 {[%emt 0:00:12]} Kg6 {[%emt 0:00:31]} 35. f4 {[%emt 0:00:19]} Nf5 {[%emt 0:00:24]} 36. Bd2 {[%emt 0:00:01]} Qe7 {[%emt 0:00:25]} 37. Qg8+ {[%emt 0:00:15]} Ng7 {[%emt 0:00:03]} 38. Kg1 {[%emt 0:00:02]} Qe2 {[%emt 0:00:37]} 39. f5+ {[%emt 0:00:01]} Kxf5 {[%emt 0:00:08]} 40. Qxg7 {[%emt 0:00:17]} Qd1+ {[%emt 0:00:15]} 41. Kf2 {[%emt 0:00:03]} Qxd2+ {[%emt 0:00:03]} 42. Kf1 {[%emt 0:00:07]} Qc1+ {[%emt 0:00:12]} 43. Ke2 {[%emt 0:00:10]} Qxb2+ {[%emt 0:00:01]} 44. Kd3 {[%emt 0:00:01]} Qb1+ {[%emt 0:00:05]} 45. Ke3 {[%emt 0:00:02]} Qc1+ {[%emt 0:00:08]} 46. Kd3 {[%emt 0:00:01]} Qf1+ {[%emt 0:00:04]} 47. Kd2 {[%emt 0:00:10]} Qg2+ {[%emt 0:00:39]} 48. Kd1 {[%emt 0:00:08]} Ke4 {[%emt 0:00:39]} 49. c4 {[%emt 0:01:35]} Kd3 {[%emt 0:00:34]} 50. Qg6+ {[%emt 0:00:14]} Qe4 {[%emt 0:00:07]} 51. Qxe4+ {[%emt 0:00:02]} Kxe4 {[%emt 0:00:04]} 52. cxd5 {[%emt 0:00:02]} cxd5 {[%emt 0:00:01]} 53. a4 {[%emt 0:00:04]} b5 {[%emt 0:00:05]} 54. axb5 {[%emt 0:00:04]} axb5 {[%emt 0:00:01]} 55. Kc2 {[%emt 0:00:02]} Kxd4 {[%emt 0:00:02]} 56. Kd2 {[%emt 0:00:01]} b4 {[%emt 0:00:01]} 57. Kc2 {[%emt 0:00:02]} Kc4 {[%emt 0:00:02]} 58. Kd2 {[%emt 0:00:01]} b3 {[%emt 0:00:01]} 59. Kd1 {[%emt 0:00:03]} Kc3 {[%emt 0:00:02]} 60. Kc1 {[%emt 0:00:00]} b2+ {[%emt 0:00:02]} 61. Kb1 {[%emt 0:00:01]} d4 {[%emt 0:00:03]} 62. h4 {[%emt 0:00:01]} gxh4 {[%emt 0:00:02]} 63. Ka2 {[%emt 0:00:02]} Kc2 {[%emt 0:00:02]} 64. Ka3 {[%emt 0:00:00]} b1=Q {[%emt 0:00:04]} 65. Ka4 {[%emt 0:00:01]} Kc3 {[%emt 0:00:03]} 66. Ka5 {[%emt 0:00:02]} Kc4 {[%emt 0:00:01]} 67. Ka6 {[%emt 0:00:01]} Kc5 {[%emt 0:00:02]} 68. Ka7 {[%emt 0:00:01]} Kc6 {[%emt 0:00:01]} 69. Ka8 {[%emt 0:00:02]} Qb7# {[%emt 0:00:02]} 0-1

[Event "Kupreichik Memorial Open 2018"]
[Site "Minsk"]
[Date "2018.06.21"]
[Round "1"]
[White "Kashtelyan, Valentin"]
[Black "Badelka, Olga"]
[Result "0-1"]
[WhiteElo "1604"]
[BlackElo "2153"]
[Annotator "NA"]
[PlyCount "30"]
[EventDate "2018.06.21"]
[EventCountry "BLR"]
[SourceTitle "playchess.com"]
[Source "ChessBase"]
[SourceQuality "1"]
[TimeControl "900+10"]

1. e4 {[%emt 0:00:01]} c5 {[%emt 0:00:06]} 2. Nf3 {[%emt 0:00:02]} e6 {[%emt 0:00:03]} 3. Bc4 {[%emt 0:00:04]} Nc6 {[%emt 0:00:14]} 4. O-O {[%emt 0:00:07]} a6 {[%emt 0:00:06]} 5. c3 {[%emt 0:00:20]} b5 {[%emt 0:00:23]} 6. Bb3 {[%emt 0:00:05]} c4 {[%emt 0:00:04]} 7. Bc2 {[%emt 0:00:01]} Bb7 {[%emt 0:00:04]} 8. Re1 {[%emt 0:00:08]} Nf6 {[%emt 0:00:08]} 9. d4 {[%emt 0:00:28]} cxd3 {[%emt 0:00:02]} 10. Qxd3 {[%emt 0:00:28]} Bc5 {[%emt 0:00:31]} 11. Be3 {[%emt 0:00:32]} Bxe3 {[%emt 0:00:05]} 12. Rxe3 {[%emt 0:00:13]} Ng4 {[%emt 0:00:18]} 13. Re1 {[%emt 0:00:14]} Qf6 {[%emt 0:00:16]} 14. h3 {[%emt 0:00:30]} Nce5 {[%emt 0:00:09]} 15. Nxe5 {[%emt 0:00:17]} Qxf2+ {[%emt 0:00:08]} 0-1

[Event "Kupreichik Memorial Open 2018"]
[Site "Minsk"]
[Date "2018.06.21"]
[Round "1"]
[White "Stsepkina, Yauheniya"]
[Black "Maslak, Alexander"]
[Result "0-1"]
[WhiteElo "1591"]
[BlackElo "2127"]
[Annotator "NA"]
[PlyCount "80"]
[EventDate "2018.06.21"]
[EventCountry "BLR"]
[SourceTitle "playchess.com"]
[Source "ChessBase"]
[SourceQuality "1"]
[TimeControl "900+10"]

1. d4 {[%emt 0:00:00]} Nf6 {[%emt 0:00:02]} 2. c4 {[%emt 0:00:00]} g6 {[%emt 0:00:01]} 3. Nc3 {[%emt 0:00:00]} Bg7 {[%emt 0:00:02]} 4. e4 {[%emt 0:00:00]} d6 {[%emt 0:00:01]} 5. f3 {[%emt 0:00:02]} O-O {[%emt 0:00:03]} 6. Be3 {[%emt 0:00:02]} c6 {[%emt 0:00:06]} 7. Qd2 {[%emt 0:00:04]} Nbd7 {[%emt 0:00:02]} 8. Bd3 {[%emt 0:01:06]} e5 {[%emt 0:00:04]} 9. d5 {[%emt 0:00:09]} cxd5 {[%emt 0:00:05]} 10. exd5 {[%emt 0:00:52]} a6 {[%emt 0:01:24]} 11. Ne4 {[%emt 0:00:13]} Nxe4 {[%emt 0:00:38]} 12. fxe4 {[%emt 0:00:14]} f5 {[%emt 0:00:02]} 13. Nf3 {[%emt 0:02:44]} Nf6 {[%emt 0:02:05]} 14. Bg5 {[%emt 0:00:22]} fxe4 {[%emt 0:02:08]} 15. Bxf6 {[%emt 0:00:24]} Rxf6 {[%emt 0:00:33]} 16. Bxe4 {[%emt 0:00:06]} Rf4 {[%emt 0:00:10]} 17. Qc2 {[%emt 0:00:57]} Qa5+ {[%emt 0:00:38]} 18. Nd2 {[%emt 0:00:46]} Bh6 {[%emt 0:00:57]} 19. O-O-O {[%emt 0:05:44]} Qxa2 {[%emt 0:03:05]} 20. Rhf1 {[%emt 0:01:32]} Rxf1 {[%emt 0:02:39]} 21. Rxf1 {[%emt 0:00:02]} Qa1+ {[%emt 0:00:41]} 22. Qb1 {[%emt 0:00:08]} Qa5 {[%emt 0:00:21]} 23. Qc2 {[%emt 0:00:18]} Kg7 {[%emt 0:00:22]} 24. Rf3 {[%emt 0:02:43]} Bd7 {[%emt 0:00:44]} 25. Qc3 {[%emt 0:00:20]} Qa1+ {[%emt 0:00:34]} 26. Kc2 {[%emt 0:00:19]} Qe1 {[%emt 0:00:55]} 27. Rf1 {[%emt 0:00:11]} Qxd2+ {[%emt 0:00:33]} 28. Qxd2 {[%emt 0:00:02]} Bxd2 {[%emt 0:00:01]} 29. Kxd2 {[%emt 0:00:00]} Rc8 {[%emt 0:00:09]} 30. Bd3 {[%emt 0:00:19]} a5 {[%emt 0:00:07]} 31. Ra1 {[%emt 0:00:02]} b6 {[%emt 0:00:01]} 32. Ra3 {[%emt 0:00:13]} Kf6 {[%emt 0:00:18]} 33. b4 {[%emt 0:00:13]} axb4 {[%emt 0:00:11]} 34. Rb3 {[%emt 0:00:00]} Ra8 {[%emt 0:00:05]} 35. Rxb4 {[%emt 0:00:02]} Ra2+ {[%emt 0:00:02]} 36. Bc2 {[%emt 0:00:01]} Bf5 {[%emt 0:00:02]} 37. Rxb6 {[%emt 0:00:35]} Rxc2+ {[%emt 0:00:02]} 38. Ke3 {[%emt 0:00:03]} Ke7 {[%emt 0:00:09]} 39. Rb7+ {[%emt 0:00:03]} Bd7 {[%emt 0:00:02]} 40. Kd3 {[%emt 0:00:23]} Rxg2 {[%emt 0:00:02] Kd4} 0-1

[Event "Kupreichik Memorial Open 2018"]
[Site "Minsk"]
[Date "2018.06.21"]
[Round "1"]
[White "Kozlov, Valentin"]
[Black "Fedotov, Konstantin"]
[Result "0-1"]
[WhiteElo "1553"]
[BlackElo "2090"]
[Annotator "NA"]
[PlyCount "74"]
[EventDate "2018.06.21"]
[EventCountry "BLR"]
[SourceTitle "playchess.com"]
[Source "ChessBase"]
[SourceQuality "1"]
[TimeControl "900+10"]

1. e4 {[%emt 0:00:00]} c6 {[%emt 0:00:00]} 2. d4 {[%emt 0:00:00]} d5 {[%emt 0:00:01]} 3. e5 {[%emt 0:00:00]} Bf5 {[%emt 0:00:01]} 4. Nf3 {[%emt 0:00:00]} e6 {[%emt 0:00:17]} 5. a3 {[%emt 0:00:01]} c5 {[%emt 0:00:05]} 6. dxc5 {[%emt 0:00:02]} Bxc5 {[%emt 0:00:04]} 7. b4 {[%emt 0:00:01]} Bb6 {[%emt 0:00:07]} 8. Be2 {[%emt 0:00:10]} Nd7 {[%emt 0:00:01]} 9. O-O {[%emt 0:00:40]} Qc7 {[%emt 0:00:02]} 10. Bb2 {[%emt 0:00:59]} Qxc2 {[%emt 0:00:17]} 11. Qxc2 {[%emt 0:00:10]} Bxc2 {[%emt 0:00:02]} 12. Nc3 {[%emt 0:01:02]} a6 {[%emt 0:00:51]} 13. Rac1 {[%emt 0:00:21]} Bg6 {[%emt 0:00:02]} 14. Na4 {[%emt 0:00:32]} Bd8 {[%emt 0:00:15]} 15. Rc3 {[%emt 0:02:37]} Ne7 {[%emt 0:00:06]} 16. Nh4 {[%emt 0:00:35]} Nc6 {[%emt 0:01:37]} 17. Nxg6 {[%emt 0:00:15]} hxg6 {[%emt 0:00:03]} 18. f4 {[%emt 0:00:24]} Nd4 {[%emt 0:02:22]} 19. Bd3 {[%emt 0:00:51]} b5 {[%emt 0:00:01]} 20. Nc5 {[%emt 0:00:20]} Nxc5 {[%emt 0:00:03]} 21. Rxc5 {[%emt 0:00:15]} Nf5 {[%emt 0:00:21]} 22. Rfc1 {[%emt 0:00:53]} Bb6 {[%emt 0:00:11]} 23. Bxf5 {[%emt 0:01:02]} Bxc5+ {[%emt 0:00:02]} 24. Rxc5 {[%emt 0:00:03]} gxf5 {[%emt 0:00:02]} 25. Bd4 {[%emt 0:00:37]} Kd7 {[%emt 0:00:08]} 26. Rc3 {[%emt 0:00:42]} a5 {[%emt 0:01:34]} 27. bxa5 {[%emt 0:01:22]} Rhc8 {[%emt 0:00:08]} 28. Rb3 {[%emt 0:00:23]} Rxa5 {[%emt 0:00:13]} 29. Bb6 {[%emt 0:00:07]} Ra4 {[%emt 0:00:07]} 30. g3 {[%emt 0:00:19]} Rc1+ {[%emt 0:00:06]} 31. Kg2 {[%emt 0:00:05]} Kc6 {[%emt 0:00:02]} 32. Bd8 {[%emt 0:00:29]} d4 {[%emt 0:00:18]} 33. Be7 {[%emt 0:00:18]} Rc2+ {[%emt 0:00:12]} 34. Kh3 {[%emt 0:00:06]} Rc3 {[%emt 0:00:05]} 35. Rb2 {[%emt 0:00:15]} Rac4 {[%emt 0:00:13]} 36. Rd2 {[%emt 0:00:19]} Kd5 {[%emt 0:00:17]} 37. Kh4 {[%emt 0:00:53]} Rc2 {[%emt 0:00:22]} 0-1

[Event "Kupreichik Memorial Open 2018"]
[Site "Minsk"]
[Date "2018.06.21"]
[Round "1"]
[White "Tkachou, Pavel"]
[Black "Sarbay, Aleksandr"]
[Result "0-1"]
[WhiteElo "1535"]
[BlackElo "2183"]
[Annotator "NA"]
[PlyCount "24"]
[EventDate "2018.06.21"]
[EventCountry "BLR"]
[SourceTitle "playchess.com"]
[Source "ChessBase"]
[SourceQuality "1"]
[TimeControl "900+10"]

1. d4 {[%emt 0:00:00]} Nf6 {[%emt 0:00:01]} 2. Nf3 {[%emt 0:00:00]} c5 {[%emt 0:00:13]} 3. c3 {[%emt 0:00:02]} e6 {[%emt 0:00:37]} 4. g3 {[%emt 0:00:03]} b6 {[%emt 0:01:34]} 5. Bg2 {[%emt 0:00:07]} Bb7 {[%emt 0:00:01]} 6. O-O {[%emt 0:00:10]} Be7 {[%emt 0:00:12]} 7. Nbd2 {[%emt 0:02:22]} O-O {[%emt 0:00:33]} 8. Qc2 {[%emt 0:01:11]} cxd4 {[%emt 0:00:38]} 9. cxd4 {[%emt 0:00:54]} Nc6 {[%emt 0:00:01]} 10. e3 {[%emt 0:03:23]} Nb4 {[%emt 0:03:07]} 11. Qb1 {[%emt 0:02:00]} Ba6 {[%emt 0:00:31]} 12. Rd1 {[%emt 0:01:06]} Bd3 {[%emt 0:00:23]} 0-1